[Event "Belgrade Premier League"]
[Site "Belgrade"]
[Date "2021.10.09"]
[Round "8.2"]
[White "Poleksic, Petar"]
[Black "Vrankovic, Luka"]
[Result "1/2-1/2"]
[WhiteElo "2021"]
[BlackElo "1906"]
[PlyCount "95"]
[EventDate "2021.10.01"]
[EventType "team-tourn"]
[EventRounds "11"]
[EventCountry "SRB"]
[SourceTitle "CBM 204 Extra"]
[Source "ChessBase"]
[SourceDate "2021.11.30"]
[SourceVersion "1"]
[SourceVersionDate "2021.11.30"]
[SourceQuality "1"]
[WhiteTeam "Belgrade Turbina"]
[BlackTeam "Grocka"]
[WhiteTeamCountry "SRB"]
[BlackTeamCountry "SRB"]

1. e4 c5 2. c3 Nf6 3. e5 Nd5 4. d4 cxd4 5. Nf3 d6 6. cxd4 Nc6 7. Bc4 e6 8. 0-0 Nb6 9. Bb5 d5 10. Nc3 Bd7 11. Ng5 Be7 12. f4 h6 13. Nf3 Na5 14. Bd3 Rc8 15. Nd2 Nbc4 16. Nxc4 Nxc4 17. f5 Qb6 18. Qg4 Nxe5 19. Qxg7 Qxd4+ 20. Kh1 Rf8 21. Bxh6 Qxd3 22. fxe6 Bxe6 23. Qxe5 Rg8 24. Rf3 Qc2 25. Ne2 Qe4 26. Bf4 f6 27. Qh5+ Bf7 28. Qh3 Be6 29. Qh5+ Qg6 30. Qxg6+ Rxg6 31. Nd4 Bd7 32. Re1 Kf7 33. h3 Rc4 34. Ne2 Rc2 35. Be5 Rc4 36. Bd4 a6 37. Rc3 Bb4 38. Rxc4 dxc4 39. Rc1 b5 40. a3 Bd6 41. Rf1 Bc6 42. Rf2 a5 43. Ng1 b4 44. axb4 axb4 45. Nf3 Bxf3 46. Rxf3 Ke6 47. Kg1 Be5 48. Bxe5 1/2-1/2

[Event "Belgrade Trophy 34th"]
[Site "Belgrade"]
[Date "2020.12.02"]
[Round "9"]
[White "Poleksic, Dusan"]
[Black "Poleksic, Petar"]
[Result "1/2-1/2"]
[WhiteElo "2032"]
[BlackElo "2045"]
[PlyCount "97"]
[EventDate "2020.11.24"]
[EventType "swiss"]
[EventRounds "9"]
[EventCountry "SRB"]
[SourceTitle "CBM 199 Extra"]
[Source "ChessBase"]
[SourceDate "2021.01.31"]
[SourceVersion "1"]
[SourceVersionDate "2021.01.31"]
[SourceQuality "1"]

1. d4 Nf6 2. c4 e6 3. Nc3 d5 4. cxd5 exd5 5. Bg5 Be7 6. Qc2 c6 7. e3 Nbd7 8. Bd3 0-0 9. Nf3 Re8 10. Bf4 Nf8 11. h3 Bd6 12. g3 Bb4 13. Bg5 Be7 14. h4 Be6 15. Ne5 Ng4 16. Bxe7 Qxe7 17. Nxg4 Bxg4 18. Be2 Bxe2 19. Nxe2 Nd7 20. 0-0 Nf6 21. Kg2 Rad8 22. Nc3 Rd6 23. Rae1 Ne4 24. Rh1 Rg6 25. Rh3 Qd7 26. Rf1 f5 27. Ne2 Rf6 28. Nf4 g6 29. Nd3 Qd8 30. Ne5 Nd6 31. b3 Nf7 32. f4 h5 33. Rd1 Nd6 34. Rhh1 Kg7 35. Rd3 Rff8 36. Qc5 a6 37. a4 Qe7 38. Rc1 Ne4 39. Qxe7+ Rxe7 40. b4 Nd6 41. Kf3 Rc8 42. Rb3 Ree8 43. Rbc3 Ne4 44. R3c2 Nd6 45. Rb2 Kh7 46. Nd7 Kg7 47. Ne5 Red8 48. Rbc2 Re8 49. Rc3 1/2-1/2

[Event "Belgrade-chT Quality"]
[Site "Belgrade"]
[Date "2020.10.25"]
[Round "6.3"]
[White "Poleksic, Petar"]
[Black "Nikolic, Radisa S"]
[Result "0-1"]
[WhiteElo "2045"]
[BlackElo "2145"]
[PlyCount "62"]
[EventDate "2020.10.09"]
[EventType "team-tourn"]
[EventRounds "9"]
[EventCountry "SRB"]
[SourceTitle "EXT 2022"]
[Source "ChessBase"]
[SourceDate "2021.10.06"]
[SourceVersion "1"]
[SourceVersionDate "2021.10.06"]
[SourceQuality "1"]
[WhiteTeam "Belgrade Turbina"]
[BlackTeam "Belgrade Borca"]
[WhiteTeamCountry "SRB"]
[BlackTeamCountry "SRB"]

1. d4 Nf6 2. c4 e6 3. Nc3 d5 4. cxd5 exd5 5. Bg5 Be7 6. e3 0-0 7. Bd3 Re8 8. Nf3 Nbd7 9. 0-0 Nf8 10. Qc2 c6 11. Bxf6 Bxf6 12. b4 Bg4 13. Nd2 Qd6 14. b5 c5 15. dxc5 Qxc5 16. Nce4 Qb6 17. Nxf6+ Qxf6 18. Rac1 Ng6 19. Bxg6 hxg6 20. Nb3 a6 21. a4 axb5 22. axb5 Bf5 23. Qd2 Ra3 24. Nc5 b6 25. Qb4 Ra2 26. Na4 Re4 27. Qb3 Rexa4 28. Qxd5 Be4 29. Rc8+ Kh7 30. Qb3 Rxf2 31. Rcc1 Rxg2+ 0-1

[Event "Belgrade-chT Quality"]
[Site "Belgrade"]
[Date "2020.10.23"]
[Round "4.3"]
[White "Poleksic, Petar"]
[Black "Radivojevic, Tomislav"]
[Result "1/2-1/2"]
[WhiteElo "2045"]
[BlackElo "2151"]
[PlyCount "47"]
[EventDate "2020.10.09"]
[EventType "team-tourn"]
[EventRounds "9"]
[EventCountry "SRB"]
[SourceTitle "EXT 2022"]
[Source "ChessBase"]
[SourceDate "2021.10.06"]
[SourceVersion "1"]
[SourceVersionDate "2021.10.06"]
[SourceQuality "1"]
[WhiteTeam "Belgrade Turbina"]
[BlackTeam "Belgrade Banjica"]
[WhiteTeamCountry "SRB"]
[BlackTeamCountry "SRB"]

1. d4 Nf6 2. c4 e5 3. dxe5 Ng4 4. Bf4 Nc6 5. Nf3 Bb4+ 6. Nbd2 Qe7 7. a3 Ngxe5 8. Nxe5 Nxe5 9. e3 Bxd2+ 10. Qxd2 0-0 11. c5 Re8 12. Rc1 Qf6 13. Be2 b6 14. Bxe5 Qxe5 15. Bf3 Rb8 16. 0-0 bxc5 17. Qa5 d6 18. Qxa7 Be6 19. Qxc7 Rec8 20. Qa7 Rxb2 21. a4 Bd5 22. Qd7 Be6 23. Qa7 Bd5 24. Qd7 1/2-1/2

[Event "Belgrade-chTB Quality"]
[Site "Belgrade"]
[Date "2018.10.21"]
[Round "8.5"]
[White "Poleksic, Petar"]
[Black "Dimitrijevic, Paul"]
[Result "0-1"]
[WhiteElo "2029"]
[BlackElo "2032"]
[PlyCount "104"]
[EventDate "2018.09.29"]
[EventType "team-tourn"]
[EventRounds "11"]
[EventCountry "SRB"]
[SourceTitle "EXT 2022"]
[Source "ChessBase"]
[SourceDate "2021.10.06"]
[SourceVersion "1"]
[SourceVersionDate "2021.10.06"]
[SourceQuality "1"]
[WhiteTeam "Belgrade Turbina"]
[BlackTeam "Belgrade NB"]
[WhiteTeamCountry "SRB"]
[BlackTeamCountry "SRB"]

1. d4 d5 2. c4 c6 3. Nf3 Nf6 4. Nc3 a6 5. c5 Bg4 6. h3 Bxf3 7. exf3 Nbd7 8. Bf4 g6 9. Be2 Bg7 10. Bh2 e5 11. dxe5 Ng8 12. f4 Nxc5 13. 0-0 Ne7 14. Rc1 Ne6 15. Bd3 Bh6 16. Qg4 Nd4 17. f5 Ndxf5 18. Bf4 Bxf4 19. Qxf4 0-0 20. g4 Ng7 21. Qg3 f5 22. exf6 Rxf6 23. f4 Qb6+ 24. Rf2 Raf8 25. Kg2 Qc7 26. Rcf1 Ne6 27. f5 Qxg3+ 28. Kxg3 gxf5 29. Bxf5 Nxf5+ 30. gxf5 Nc5 31. Kg4 Re8 32. Rf3 Kf7 33. b4 Nd7 34. Kf4 Ne5 35. Na4 Nd7 36. Nc3 Re5 37. Kg4 d4 38. Rd1 Rd6 39. Rfd3 c5 40. Kf4 Rf6 41. bxc5 Rexf5+ 42. Kg3 Rg6+ 43. Kh2 Ne5 44. Ne4 Nxd3 45. Nd6+ Rxd6 46. cxd6 Ne5 47. d7 Nf3+ 48. Kg3 Ke7 49. Kg4 Rf7 50. Rb1 Ne5+ 51. Kg5 Kxd7 52. Rxb7+ Kc6 0-1

[Event "Belgrade-chTB Quality"]
[Site "Belgrade"]
[Date "2018.10.20"]
[Round "7.4"]
[White "Poleksic, Petar"]
[Black "Postic, Dragisa"]
[Result "1/2-1/2"]
[WhiteElo "2029"]
[BlackElo "2251"]
[PlyCount "20"]
[EventDate "2018.09.29"]
[EventType "team-tourn"]
[EventRounds "11"]
[EventCountry "SRB"]
[SourceTitle "CBM 187 Extra"]
[Source "ChessBase"]
[SourceDate "2018.11.04"]
[SourceVersion "1"]
[SourceVersionDate "2018.11.04"]
[SourceQuality "1"]
[WhiteTeam "Belgrade Turbina"]
[BlackTeam "Belgrade Polet"]
[WhiteTeamCountry "SRB"]
[BlackTeamCountry "SRB"]

1. d4 Nf6 2. c4 e6 3. Nc3 d5 4. cxd5 Nxd5 5. e4 Nxc3 6. bxc3 c5 7. Nf3 Be7 8. Bb5+ Bd7 9. Bxd7+ Nxd7 10. 0-0 0-0 1/2-1/2

[Event "Belgrade-chTB Quality"]
[Site "Belgrade"]
[Date "2018.10.14"]
[Round "6.3"]
[White "Poleksic, Petar"]
[Black "Spiric, Igor"]
[Result "1/2-1/2"]
[WhiteElo "2029"]
[BlackElo "2287"]
[PlyCount "161"]
[EventDate "2018.09.29"]
[EventType "team-tourn"]
[EventRounds "11"]
[EventCountry "SRB"]
[SourceTitle "CBM 187 Extra"]
[Source "ChessBase"]
[SourceDate "2018.11.04"]
[SourceVersion "1"]
[SourceVersionDate "2018.11.04"]
[SourceQuality "1"]
[WhiteTeam "Belgrade Turbina"]
[BlackTeam "Belgrade Romanticari"]
[WhiteTeamCountry "SRB"]
[BlackTeamCountry "SRB"]

1. d4 Nf6 2. c4 e6 3. Nc3 c5 4. Nf3 cxd4 5. Nxd4 a6 6. g3 Qc7 7. Qd3 Nc6 8. Nxc6 Qxc6 9. e4 Ng4 10. Be2 Ne5 11. Qd4 f6 12. Be3 b5 13. cxb5 axb5 14. 0-0 b4 15. f4 bxc3 16. fxe5 Ra4 17. Qxc3 Qxc3 18. bxc3 Rxe4 19. Kf2 Ba3 20. exf6 0-0 21. Bd3 Re5 22. Bd4 Rxf6+ 23. Kg1 Bc5 24. a4 Rd5 25. Bxc5 Rxc5 26. Rac1 d5 27. Bb5 e5 28. Rxf6 gxf6 29. Kf2 d4 30. c4 Bg4 31. a5 e4 32. a6 e3+ 33. Kf1 d3 34. a7 Rc8 35. Ra1 d2 36. c5 Bf3 37. Be2 Bd5 38. Ra3 Rxc5 39. a8Q+ Bxa8 40. Rxa8+ Kg7 41. Bd1 Rf5+ 42. Ke2 Rf2+ 43. Kxe3 Rxh2 44. Rd8 h5 45. Kf4 Kg6 46. Bf3 Rf2 47. Rd7 f5 48. Rd6+ Kg7 49. Ke3 Rh2 50. Rd4 Kg6 51. Kf4 Rf2 52. Rd3 Kg7 53. Rd7+ Kg6 54. Rd6+ Kg7 55. Ke3 Rh2 56. Bd1 h4 57. gxh4 Rxh4 58. Kxd2 Rh6 59. Rd8 Re6 60. Bb3 Re5 61. Bc4 Kf6 62. Be2 Kg5 63. Ke1 Kf4 64. Kf2 Ra5 65. Rd4+ Kg5 66. Kf3 Ra3+ 67. Bd3 Ra5 68. Rd8 Kf6 69. Rf8+ Kg5 70. Rd8 Kf6 71. Ke3 Kg5 72. Rg8+ Kf6 73. Be2 Re5+ 74. Kf2 Ra5 75. Kg3 Ra3+ 76. Bf3 Ra5 77. Kh4 Ra4+ 78. Kh5 Ra3 79. Rf8+ Ke5 80. Bg2 Rg3 81. Bb7 1/2-1/2

[Event "Belgrade-chTB Quality"]
[Site "Belgrade"]
[Date "2018.10.13"]
[Round "5.3"]
[White "Nikolic, Radisa S"]
[Black "Poleksic, Petar"]
[Result "1-0"]
[WhiteElo "2159"]
[BlackElo "2029"]
[PlyCount "95"]
[EventDate "2018.09.29"]
[EventType "team-tourn"]
[EventRounds "11"]
[EventCountry "SRB"]
[SourceTitle "CBM 187 Extra"]
[Source "ChessBase"]
[SourceDate "2018.11.04"]
[SourceVersion "1"]
[SourceVersionDate "2018.11.04"]
[SourceQuality "1"]
[WhiteTeam "Belgrade Borca"]
[BlackTeam "Belgrade Turbina"]
[WhiteTeamCountry "SRB"]
[BlackTeamCountry "SRB"]

1. e4 e5 2. Nf3 Nc6 3. Bc4 Nf6 4. Ng5 d5 5. exd5 Na5 6. Bb5+ c6 7. dxc6 bxc6 8. Ba4 h6 9. Nf3 e4 10. Ng1 Bc5 11. d4 Bxd4 12. c3 Bxf2+ 13. Kxf2 Ng4+ 14. Ke1 Qh4+ 15. g3 Qf6 16. Bf4 g5 17. Qd6 gxf4 18. Qxf6 Nxf6 19. b4 fxg3 20. hxg3 Nb7 21. Bxc6+ Ke7 22. Ne2 Rb8 23. Nd4 Bd7 24. Nd2 Nd6 25. Rf1 Rbg8 26. Bxd7 Nxd7 27. c4 e3 28. N2f3 Nxc4 29. Rc1 Nde5 30. Nxe5 Nxe5 31. Rc7+ Kd6 32. Rxa7 Kd5 33. Nf5 Rg5 34. Ra5+ Ke6 35. Ra6+ Kd7 36. Ke2 Rb8 37. Ra7+ Kc6 38. b5+ Kc5 39. Rc7+ Kb4 40. Rb1+ Ka5 41. b6 Nc6 42. Nd6 Nd4+ 43. Kxe3 Nb5 44. Rxb5+ Rxb5 45. Nxb5 Kxb6 46. a4 Ra8 47. Rc4 Rg8 48. Kf3 1-0

[Event "Belgrade-chTB Quality"]
[Site "Belgrade"]
[Date "2018.10.06"]
[Round "3.3"]
[White "Trailovic, Aleksandar1111"]
[Black "Poleksic, Petar"]
[Result "1-0"]
[WhiteElo "2146"]
[BlackElo "2029"]
[PlyCount "122"]
[EventDate "2018.09.29"]
[EventType "team-tourn"]
[EventRounds "11"]
[EventCountry "SRB"]
[SourceTitle "CBM 187 Extra"]
[Source "ChessBase"]
[SourceDate "2018.11.04"]
[SourceVersion "1"]
[SourceVersionDate "2018.11.04"]
[SourceQuality "1"]
[WhiteTeam "Belgrade Visan"]
[BlackTeam "Belgrade Turbina"]
[WhiteTeamCountry "SRB"]
[BlackTeamCountry "SRB"]

1. d4 d5 2. c4 e6 3. Nc3 Nf6 4. cxd5 exd5 5. Bg5 Be7 6. Qc2 c6 7. e3 Nbd7 8. Bd3 Nh5 9. Bxe7 Qxe7 10. Nge2 g6 11. 0-0 Ndf6 12. Rab1 0-0 13. b4 a6 14. a4 Ng7 15. Ng3 h5 16. h3 h4 17. Nge2 Bf5 18. b5 axb5 19. axb5 Bxd3 20. Qxd3 Nf5 21. Rb3 Nd6 22. Rfb1 Rfc8 23. Qd1 Nc4 24. bxc6 bxc6 25. Nc1 Ra3 26. Nd3 Ne4 27. Nxe4 Qxe4 28. Nc5 Qf5 29. Rxa3 Nxa3 30. Rb7 Nc4 31. Qf3 Nd6 32. Qxf5 Nxf5 33. Nd7 Nd6 34. Rb8 Kg7 35. Kf1 f6 36. Rb6 Nf7 37. Ke2 Nd8 38. Ra6 Rc7 39. Nc5 Kf7 40. Kf3 Ne6 41. Kg4 f5+ 42. Kxh4 Nxc5 43. dxc5 Kf6 44. f4 Rh7+ 45. Kg3 Rc7 46. Kf3 g5 47. fxg5+ Kxg5 48. g3 Rc8 49. Ra7 Re8 50. Rd7 Ra8 51. Rd6 Ra3 52. h4+ Kh5 53. Kf4 Ra4+ 54. Kxf5 Re4 55. Re6 Ra4 56. Rxc6 d4 57. e4 Ra7 58. Rd6 Rc7 59. Kf4 Rf7+ 60. Ke5 Kg4 61. Rg6+ Kf3 1-0

[Event "Belgrade-chT"]
[Site "Belgrade"]
[Date "2018.05.08"]
[Round "2"]
[White "Poleksic, Petar"]
[Black "Brkic, Zoran"]
[Result "0-1"]
[WhiteElo "2040"]
[BlackElo "2109"]
[PlyCount "78"]
[EventDate "2018.05.07"]
[EventType "team-swiss"]
[EventRounds "5"]
[EventCountry "SRB"]
[SourceTitle "CBM 184 Extra"]
[Source "ChessBase"]
[SourceDate "2018.06.28"]
[SourceVersion "1"]
[SourceVersionDate "2018.06.28"]
[SourceQuality "1"]
[WhiteTeam "Belgrade Turbina"]
[BlackTeam "Belgrade Bogoslov"]
[WhiteTeamCountry "SRB"]
[BlackTeamCountry "SRB"]

1. d4 Nf6 2. c4 Nc6 3. Nc3 e5 4. d5 Ne7 5. e4 Ng6 6. Be3 Bb4 7. Bd3 a5 8. h4 0-0 9. h5 Nh8 10. Qe2 c6 11. 0-0-0 a4 12. Bd2 a3 13. b3 d6 14. h6 g6 15. Nb1 Bxd2+ 16. Nxd2 Qa5 17. Nb1 Bd7 18. f4 exf4 19. e5 Rfe8 20. e6 fxe6 21. dxe6 Rxe6 22. Qf2 Qe5 23. Nh3 Ng4 24. Qd2 Ne3 25. Rde1 Nf7 26. g3 fxg3 27. Nc3 d5 28. cxd5 cxd5 29. Kb1 Rc8 30. Nxd5 Qxd5 31. Nf4 Qd4 32. Nxe6 Bxe6 33. Rxe3 g2 34. Rhe1 Ne5 35. Qe2 Nxd3 36. Rxe6 Qb2+ 37. Qxb2 axb2 38. Re8+ Rxe8 39. Rxe8+ Kf7 0-1

[Event "Belgrade-chT"]
[Site "Belgrade"]
[Date "2018.05.07"]
[Round "1"]
[White "Kocic, Sasa"]
[Black "Poleksic, Petar"]
[Result "0-1"]
[WhiteElo "2217"]
[BlackElo "2040"]
[PlyCount "80"]
[EventDate "2018.05.07"]
[EventType "team-swiss"]
[EventRounds "5"]
[EventCountry "SRB"]
[SourceTitle "CBM 184 Extra"]
[Source "ChessBase"]
[SourceDate "2018.06.28"]
[SourceVersion "1"]
[SourceVersionDate "2018.06.28"]
[SourceQuality "1"]
[WhiteTeam "Belgrade Radnicki Rudovci"]
[BlackTeam "Belgrade Turbina"]
[WhiteTeamCountry "SRB"]
[BlackTeamCountry "SRB"]

1. Nf3 d5 2. g3 Bg4 3. Bg2 Nf6 4. c4 c6 5. 0-0 e6 6. b3 Be7 7. Bb2 0-0 8. d3 Nbd7 9. Nbd2 c5 10. h3 Bxf3 11. Bxf3 Rb8 12. d4 cxd4 13. Bxd4 Bc5 14. Bxc5 Nxc5 15. cxd5 exd5 16. b4 Nce4 17. Nb3 Qe7 18. Qd4 b6 19. h4 Rbc8 20. Rac1 h6 21. a3 Qe6 22. Nd2 Rc6 23. Rxc6 Qxc6 24. Nb3 Qa4 25. Qb2 Rc8 26. Rd1 Rc3 27. Rd3 Rxd3 28. exd3 Nd6 29. Nd4 Nb5 30. Nc2 a5 31. g4 axb4 32. axb4 Nc7 33. g5 hxg5 34. hxg5 Nh7 35. g6 fxg6 36. Ne3 Ng5 37. Bg4 Qc6 38. Qe5 Nf7 39. Qd4 Qf6 40. Nc2 Ne5 0-1

[Event "Belgrade-chT"]
[Site "Belgrade"]
[Date "2017.10.29"]
[Round "9.2"]
[White "Mikicic, Dusan"]
[Black "Poleksic, Petar"]
[Result "0-1"]
[WhiteElo "2146"]
[BlackElo "2006"]
[PlyCount "96"]
[EventDate "2017.10.01"]
[EventType "team-tourn"]
[EventRounds "11"]
[EventCountry "SRB"]
[SourceTitle "CBM 181 Extra"]
[Source "ChessBase"]
[SourceDate "2017.12.12"]
[SourceVersion "1"]
[SourceVersionDate "2017.12.12"]
[SourceQuality "1"]
[WhiteTeam "Belgrade EDB"]
[BlackTeam "BASK"]
[WhiteTeamCountry "SRB"]
[BlackTeamCountry "SRB"]

1. e4 e5 2. Nf3 Nc6 3. Bc4 Bc5 4. c3 Nf6 5. d3 d6 6. b4 Bb6 7. a4 a5 8. Qb3 0-0 9. b5 Ne7 10. Nbd2 Ng6 11. Nf1 c6 12. bxc6 bxc6 13. Ne3 Bxe3 14. fxe3 d5 15. exd5 cxd5 16. Bb5 e4 17. dxe4 dxe4 18. Nd4 Ng4 19. Qc2 Qh4+ 20. g3 Qg5 21. 0-0 f5 22. Qe2 Rf6 23. h3 N4e5 24. Kh2 h5 25. Bd2 Bb7 26. Rf4 Kh7 27. h4 Nxf4 28. exf4 Ng4+ 29. Kh3 Qg6 30. c4 Rd6 31. Nb3 e3 32. Be1 Rad8 33. c5 Rd5 34. Rc1 Nf2+ 35. Bxf2 exf2 36. c6 f1Q+ 37. Rxf1 Bxc6 38. Bxc6 Qxc6 39. Qxh5+ Qh6 40. Qe2 Qc6 41. Re1 R8d6 42. Qh5+ Rh6 43. Qf7 Rg6 44. h5 Rf6 45. Qa7 Rh6 46. Qf7 Rf6 47. Qa7 Rd3 48. Nxa5 Qf3 0-1

[Event "Belgrade Jezero op"]
[Site "Belgrade"]
[Date "2017.08.12"]
[Round "8"]
[White "Poleksic, Petar"]
[Black "Maric, Dragan"]
[Result "0-1"]
[WhiteElo "2029"]
[BlackElo "2210"]
[PlyCount "66"]
[EventDate "2017.08.05"]
[EventType "swiss"]
[EventRounds "9"]
[EventCountry "SRB"]
[SourceTitle "CBM 180 Extra"]
[Source "ChessBase"]
[SourceDate "2017.10.06"]
[SourceVersion "1"]
[SourceVersionDate "2017.10.06"]
[SourceQuality "1"]

1. d4 Nf6 2. c4 c5 3. Nf3 cxd4 4. Nxd4 e5 5. Nb5 d5 6. cxd5 Bc5 7. e3 0-0 8. N5c3 e4 9. Be2 Bf5 10. a3 Nbd7 11. b4 Bd6 12. Bb2 Rc8 13. Nd2 Bb8 14. Nc4 h6 15. Qd4 Re8 16. d6 Re6 17. 0-0-0 Nb6 18. Nb5 a6 19. Kb1 Nxc4 20. Bxc4 axb5 21. Bxe6 Bxe6 22. Qe5 Bc4 23. Rd4 Ba7 24. Rhd1 Bxd4 25. Rxd4 Qd7 26. Ka1 Qe6 27. d7 Rd8 28. Qg3 Bd3 29. Rd6 Qb3 30. Rxd3 exd3 31. Bxf6 Qxa3+ 32. Kb1 Qb3+ 33. Bb2 Qc2+ 0-1

[Event "Belgrade Jezero op"]
[Site "Belgrade"]
[Date "2017.08.09"]
[Round "5"]
[White "Milosevic, Milos"]
[Black "Poleksic, Petar"]
[Result "1-0"]
[WhiteElo "2291"]
[BlackElo "2029"]
[PlyCount "105"]
[EventDate "2017.08.05"]
[EventType "swiss"]
[EventRounds "9"]
[EventCountry "SRB"]
[SourceTitle "CBM 180 Extra"]
[Source "ChessBase"]
[SourceDate "2017.10.06"]
[SourceVersion "1"]
[SourceVersionDate "2017.10.06"]
[SourceQuality "1"]

1. e4 e5 2. Nc3 Nc6 3. Nge2 Bc5 4. g3 Nf6 5. Bg2 d6 6. Na4 Bb6 7. Nxb6 axb6 8. 0-0 0-0 9. h3 d5 10. exd5 Nxd5 11. d4 exd4 12. Nxd4 Nxd4 13. Qxd4 c6 14. Bd2 Qf6 15. Qxf6 Nxf6 16. c4 Be6 17. b3 Rfd8 18. Be3 Ra3 19. Rfd1 Rda8 20. Bc1 R3a6 21. a4 Nd7 22. Be3 Nc5 23. Rab1 Bf5 24. Rb2 Nxb3 25. g4 Bg6 26. f4 Na5 27. Bf1 f5 28. Bxb6 Rf8 29. g5 Bh5 30. Rd7 Rf7 31. Rd4 Ra8 32. Kf2 Re7 33. Bd3 Bf7 34. h4 h6 35. Bf1 hxg5 36. hxg5 Re4 37. Rxe4 fxe4 38. Rb4 c5 39. Bxc5 Nc6 40. Rxb7 Rxa4 41. Rc7 Nb4 42. Rc8+ Kh7 43. f5 g6 44. Bxb4 Rxb4 45. f6 Be6 46. Rc7+ Kh8 47. Re7 Bxc4 48. Bxc4 Rxc4 49. Re8+ Kh7 50. f7 e3+ 51. Kxe3 Rc3+ 52. Kd4 Rc7 53. f8R 1-0

[Event "Belgrade-chT Quality"]
[Site "Belgrade"]
[Date "2016.10.15"]
[Round "5.6"]
[White "Andrejic, Goran"]
[Black "Poleksic, Petar"]
[Result "1/2-1/2"]
[WhiteElo "2179"]
[BlackElo "1961"]
[PlyCount "136"]
[EventDate "2016.10.01"]
[EventType "team-tourn"]
[EventRounds "11"]
[EventCountry "SRB"]
[SourceTitle "EXT 2018"]
[Source "ChessBase"]
[SourceDate "2017.10.13"]
[SourceVersion "1"]
[SourceVersionDate "2017.10.13"]
[SourceQuality "1"]

1. c4 c5 2. Nc3 Nf6 3. e4 Nc6 4. Nf3 d6 5. d4 cxd4 6. Nxd4 Bd7 7. Be2 g6 8. 0-0 Bg7 9. Be3 0-0 10. Rc1 Rc8 11. h3 a6 12. Qd2 Re8 13. f4 Nxd4 14. Bxd4 Bc6 15. Bf3 Nd7 16. Bg4 Rb8 17. Bxd7 Qxd7 18. Bxg7 Kxg7 19. Qd4+ Kg8 20. f5 b5 21. cxb5 Bxb5 22. Rf2 Rec8 23. Rd1 f6 24. b3 g5 25. h4 h6 26. hxg5 hxg5 27. Nd5 Qb7 28. Nxf6+ exf6 29. Qxf6 Qg7 30. Qxg7+ Kxg7 31. Rxd6 Rc1+ 32. Kh2 Re1 33. Rg6+ Kf7 34. Rxg5 Rxe4 35. a4 Be2 36. f6 Rxb3 37. Rg7+ Kf8 38. Rh7 Bc4 39. f7 Bxf7 40. Rfxf7+ Kg8 41. Rfg7+ Kf8 42. Ra7 Kg8 43. Rhc7 Rh4+ 44. Kg1 Rf4 45. Rxa6 Rf7 46. Rxf7 Kxf7 47. a5 Ra3 48. Ra7+ Ke6 49. a6 Kf5 50. Ra8 Kg6 51. a7 Kg7 52. Kf2 Kh7 53. g3 Kg7 54. Kg2 Kh7 55. Kh3 Ra4 56. g4 Kg7 57. Kh4 Ra5 58. g5 Ra4+ 59. Kh5 Ra5 60. Kg4 Kh7 61. g6+ Kg7 62. Kf4 Ra1 63. Ke5 Ra6 64. Kd5 Ra1 65. Kc5 Ra2 66. Kb6 Rb2+ 67. Ka6 Ra2+ 68. Kb7 Rb2+ 1/2-1/2

[Event "SRB-ch sf"]
[Site "Belgrade"]
[Date "2016.03.26"]
[Round "6"]
[White "Poleksic, Petar"]
[Black "Colovic, Zoran"]
[Result "1-0"]
[WhiteElo "1897"]
[BlackElo "2087"]
[PlyCount "117"]
[EventDate "2016.03.21"]
[EventType "swiss"]
[EventRounds "9"]
[EventCountry "SRB"]
[SourceTitle "CBM 171 Extra"]
[Source "ChessBase"]
[SourceDate "2016.04.26"]
[SourceVersion "1"]
[SourceVersionDate "2016.04.26"]
[SourceQuality "1"]

1. d4 c5 2. dxc5 e6 3. Nc3 Bxc5 4. e4 Nc6 5. Nf3 Nf6 6. Bd3 a6 7. 0-0 e5 8. Bg5 d6 9. Nd5 Be6 10. Bc4 Rc8 11. c3 h6 12. Bxf6 gxf6 13. Qd2 b5 14. Be2 Bxd5 15. Qxd5 Ne7 16. Qb7 Rc6 17. b4 Rb6 18. Qa7 Nc6 19. Bxb5 axb5 20. Qa3 Bxb4 21. cxb4 Rg8 22. Qe3 Nxb4 23. Qxh6 d5 24. Qh7 Kf8 25. exd5 Nxd5 26. Rad1 Rd6 27. Qh6+ Ke7 28. g3 Qd7 29. Rfe1 Qg4 30. Nxe5 fxe5 31. Rxe5+ Re6 32. Rdxd5 Rgg6 33. Qe3 Qc4 34. Rxe6+ fxe6 35. Rd2 Rg4 36. Re2 Rd4 37. Qg5+ Kd7 38. Qg7+ Kc6 39. Qe5 Rd1+ 40. Kg2 Qd5+ 41. Qxd5+ exd5 42. h4 d4 43. h5 Kd5 44. h6 Rc1 45. g4 d3 46. Re8 Rc7 47. g5 Kc4 48. Rd8 Kc3 49. g6 Rc6 50. g7 Rg6+ 51. Kf3 d2 52. h7 Rf6+ 53. Ke4 Rxf2 54. h8Q Kc2 55. Rxd2+ Rxd2 56. g8Q Re2+ 57. Kf3 Rd2 58. Qb3+ Kc1 59. Qa1# 1-0

[Event "Belgrade-chT"]
[Site "Belgrade"]
[Date "2014.11.03"]
[Round "11"]
[White "Poleksic, Petar"]
[Black "Dakic, Dejan"]
[Result "0-1"]
[WhiteElo "1814"]
[BlackElo "2031"]
[PlyCount "88"]
[EventDate "2014.10.04"]
[EventType "team-tourn"]
[EventRounds "13"]
[EventCountry "SRB"]
[SourceTitle "EXT 2015"]
[Source "ChessBase"]
[SourceDate "2014.11.20"]
[SourceVersion "1"]
[SourceVersionDate "2014.11.20"]
[SourceQuality "1"]

1. d4 Nf6 2. c4 c5 3. Nf3 cxd4 4. Nxd4 e5 5. Nb5 d6 6. N1c3 a6 7. Na3 Be6 8. e4 Be7 9. Be2 0-0 10. 0-0 h6 11. Be3 Nbd7 12. Rc1 Rc8 13. f3 Nh5 14. Nd5 Bg5 15. Qd2 Bxd5 16. Bxg5 Qxg5 17. Qxg5 hxg5 18. cxd5 Nf4 19. Kf2 Nc5 20. Rcd1 b5 21. g3 Nxe2 22. Kxe2 Na4 23. Rd2 b4 24. Nc2 a5 25. Ne3 g6 26. g4 Kg7 27. b3 Nc3+ 28. Kd3 Rh8 29. Nc4 Nb5 30. Rff2 Nd4 31. Rb2 Rh3 32. Nxd6 Rc3+ 33. Kd2 Nxf3+ 34. Kd1 f6 35. Nc4 a4 36. Nd2 Nxh2 37. bxa4 Nxg4 38. Re2 Rh1+ 39. Nf1 Rxf1+ 40. Kd2 Rcc1 41. Rg2 Rfd1+ 42. Ke2 Re1+ 43. Kd3 f5 44. exf5 Rcd1+ 0-1

[Event "Belgrade-chT"]
[Site "Belgrade"]
[Date "2014.10.18"]
[Round "5"]
[White "Simic, Goran N"]
[Black "Poleksic, Petar"]
[Result "0-1"]
[WhiteElo "2082"]
[BlackElo "1814"]
[PlyCount "102"]
[EventDate "2014.10.04"]
[EventType "team-tourn"]
[EventRounds "13"]
[EventCountry "SRB"]
[SourceTitle "EXT 2015"]
[Source "ChessBase"]
[SourceDate "2014.11.20"]
[SourceVersion "1"]
[SourceVersionDate "2014.11.20"]
[SourceQuality "1"]

1. d4 d5 2. c4 e6 3. Nc3 Nf6 4. Nf3 Be7 5. Bf4 0-0 6. e3 b6 7. h3 Bb7 8. Be2 c5 9. 0-0 dxc4 10. Bxc4 Nc6 11. Rc1 cxd4 12. exd4 Rc8 13. Bd3 Nb4 14. Bb1 Nbd5 15. Be5 Nxc3 16. Rxc3 Rxc3 17. bxc3 Qc8 18. Re1 Qc4 19. Qc2 g6 20. Nd2 Qc6 21. f3 Rc8 22. c4 Nd7 23. Qb3 Nxe5 24. dxe5 Qc5+ 25. Kh2 Qf2 26. Rd1 Qd4 27. Be4 Qxe5+ 28. Kh1 Bd6 29. Nf1 Bxe4 30. fxe4 Bc5 31. Qd3 Rc6 32. Qf3 Rd6 33. Re1 Qd4 34. Nh2 Qf2 35. Rf1 Qxf3 36. Nxf3 a5 37. g4 Rd7 38. g5 Rd3 39. Ne5 Rxh3+ 40. Kg2 Ra3 41. Nxf7 Rxa2+ 42. Kg3 Bf8 43. Nd8 Rd2 44. Nxe6 Bd6+ 45. Kf3 a4 46. Ke3 Rh2 47. e5 Be7 48. Rb1 a3 49. Rxb6 a2 50. Ra6 Rh3+ 51. Ke4 Ra3 0-1